| 000 | 00719cam a22002533a 4500 | ||
|---|---|---|---|
| 001 | 32805 | ||
| 003 | PGUSA | ||
| 005 | 20140828083717.0 | ||
| 008 | 100613s2010||||xxu|||||s|||||000 1 eng d | ||
| 040 |
_aPGUSA _beng |
||
| 042 | _adc | ||
| 050 | 4 | _aPS | |
| 100 | 1 |
_aWallace, F. L. _q(Floyd L.), _d1915-2004 |
|
| 245 | 1 | 4 |
_aThe Impossible Voyage Home _h[electronic resource] / _cF. L. Wallace |
| 260 |
_bProject Gutenberg, _c2010 |
||
| 506 | _aPublic domain in the USA. | ||
| 516 | _aElectronic text | ||
| 653 | _aScience fiction | ||
| 653 | _aInterplanetary voyages -- Fiction | ||
| 700 | 1 | _aFrancis, Dick | |
| 830 | 0 |
_aProject Gutenberg _v32805 |
|
| 856 | 4 | 0 | _uhttp://www.gutenberg.org/ebooks/32805 |
| 942 | _cEB | ||
| 999 |
_c262060 _d262060 |
||